000 00329nam a22001457a 4500
008 221011b ||||| |||| 00| 0 eng d
020 _a9780023235535
041 _aeng
080 _2VOLUME 1 AND 2
_a721
082 _a721
100 _a20.2
101 _aNDER
245 _aINDUSTRIAL MATERIALS
_cCOLLING D
942 _2udc
_cBK
999 _c58491
_d58491